[Event "OpenB"]
[Site "Caen"]
[Date "2011.08.19"]
[Round "4.1"]
[White "Veys, Vincent"]
[Black "Dubois, Pierre"]
[Result "1-0"]
[WhiteElo "1859"]
[BlackElo "1946"]
[PlyCount "83"]

1. e4 e5 2. Nf3 Nc6 3. Bb5 Nf6 4. d3 d6 5. c3 Be7 6. O-O O-O 7. Re1 Bg4 8. h3
Bh5 9. Nbd2 g5 10. g4 Nxg4 11. hxg4 Bxg4 12. Nf1 f5 13. Bc4+ Kh8 14. Be6 Qe8
15. Bxf5 Bxf5 16. exf5 g4 17. N3h2 Qf7 18. Ng3 h5 19. Qd2 h4 20. Qh6+ Qh7 21.
Ngf1 Rg8 22. Kg2 Raf8 23. Qxh7+ Kxh7 24. Ne3 g3 25. Nhg4 d5 26. d4 exd4 27.
cxd4 Bd6 28. fxg3 Bxg3 29. Rd1 Ne7 30. f6 Nf5 31. Rf1 Nxd4 32. f7 Rg6 33. Nxd5
Be5 34. Kh3 Bd6 35. Ndf6+ Kg7 36. Ne8+ Kh7 37. Ngf6+ Kh8 38. Ne4 Bg3 39. Bg5
Ne6 40. Bd2 Nd8 41. Bc3+ Kh7 42. N4f6+ 1-0

[Event "OpenB"]
[Site "Caen"]
[Date "2011.08.19"]
[Round "4.2"]
[White "Scamps, Guillaume"]
[Black "Hallay, Axel"]
[Result "1/2-1/2"]
[WhiteElo "1858"]
[BlackElo "1927"]
[PlyCount "39"]

1. d4 Nf6 2. Nf3 e6 3. c4 b6 4. Nc3 Bb4 5. Bd2 Bb7 6. e3 O-O 7. Bd3 d5 8. O-O
Nbd7 9. Nxd5 Nxd5 10. cxd5 Bxd2 11. dxe6 Bxf3 12. gxf3 Bb4 13. Qa4 Bd6 14. Qxd7
Qg5+ 15. Kh1 Qh5 16. f4 Qf3+ 17. Kg1 Qg4+ 18. Kh1 Qf3+ 19. Kg1 Qg4+ 20. Kh1
1/2-1/2

[Event "OpenB"]
[Site "Caen"]
[Date "2011.08.19"]
[Round "4.3"]
[White "N'Guyen, Emilien"]
[Black "Civit, Pierre"]
[Result "1/2-1/2"]
[WhiteElo "1817"]
[BlackElo "1922"]
[Annotator "Rivier,Sylvain"]
[PlyCount "74"]

1. d4 Nf6 2. c4 c5 3. d5 b5 4. Qc2 Na6 5. Bd2 bxc4 6. e4 Nc7 7. Bxc4 d6 8. Ba5
Bd7 9. Nc3 Qc8 10. Nf3 e5 11. O-O Be7 12. Rfd1 O-O 13. Qd3 Bg4 14. Rd2 Nce8 15.
Ba6 Qd7 16. Bb5 Qc8 17. Ne1 Rb8 18. Ba6 Qd7 19. f3 Bh5 20. Bb5 Qc8 21. a3 Bd8
22. Bxd8 Qxd8 23. b4 cxb4 24. axb4 Qb6+ 25. Kh1 Nc7 26. Bc6 Qxb4 27. h4 Bg6 28.
Rxa7 Nfe8 29. Rda2 f5 30. R2a4 Qb6 31. Qe2 fxe4 32. fxe4 Bh5 33. Nf3 Rf4 34.
Qd3 Bxf3 35. gxf3 Rxh4+ 36. Kg2 Nf6 37. Ne2 Nh5 {suite illisible} 1/2-1/2

[Event "OpenB"]
[Site "Caen"]
[Date "2011.08.19"]
[Round "4.4"]
[White "Aubry, Fabien"]
[Black "Bombail, Leonard"]
[Result "0-1"]
[WhiteElo "1882"]
[BlackElo "1728"]
[PlyCount "52"]

1. d4 Nf6 2. c4 g6 3. Nc3 Bg7 4. Nf3 O-O 5. g3 c5 6. Bg2 cxd4 7. Nxd4 Nc6 8.
Nc2 d6 9. O-O Be6 10. Ne3 Rc8 11. Ned5 Na5 12. Nxf6+ Bxf6 13. Bh6 Re8 14. Bd5
Bh3 15. Ne4 e6 16. Nxf6+ Qxf6 17. Bd2 exd5 18. Bxa5 Bxf1 19. Kxf1 Qxb2 20. Rb1
Qxa2 21. Bc3 Qxc4 22. Rc1 d4 23. Bd2 Qd5 24. Kg1 Rxc1 25. Bxc1 Qe4 26. Bb2 Qxe2
0-1

[Event "OpenB"]
[Site "Caen"]
[Date "2011.08.19"]
[Round "4.5"]
[White "Elice, Florent"]
[Black "Doucet, Antoine"]
[Result "0-1"]
[WhiteElo "1991"]
[BlackElo "1840"]
[PlyCount "76"]

1. e4 c6 2. d4 d5 3. Nc3 dxe4 4. Nxe4 Bf5 5. Ng3 Bg6 6. h4 h6 7. Nf3 Nd7 8. h5
Bh7 9. Bd3 Bxd3 10. Qxd3 e6 11. Bf4 Qa5+ 12. Bd2 Qc7 13. O-O-O Ngf6 14. c4 Be7
15. Kb1 O-O 16. Ne4 c5 17. g4 Nxe4 18. Qxe4 Nf6 19. Qe2 Nh7 20. Rdg1 Ng5 21.
Ne5 cxd4 22. f4 Nh7 23. g5 hxg5 24. Ng6 Rfc8 25. Nxe7+ Qxe7 26. fxg5 Qc5 27. g6
Nf6 28. gxf7+ Kxf7 29. Qg2 Rg8 30. Qxb7+ Qe7 31. Rxg7+ Rxg7 32. Qxa8 e5 33. Rf1
Qd7 34. Qf3 Qe6 35. h6 Rg6 36. Qh5 Qxc4 37. Rxf6+ Kxf6 38. h7 Rg1+ 0-1

[Event "OpenB"]
[Site "Caen"]
[Date "2011.08.19"]
[Round "4.6"]
[White "Boulade, Olivier"]
[Black "Houlgate, Anthony"]
[Result "0-1"]
[WhiteElo "1870"]
[BlackElo "1969"]
[PlyCount "44"]

1. d4 Nf6 2. c4 g6 3. Nc3 d5 4. e3 Bg7 5. Nf3 O-O 6. Be2 c5 7. O-O dxc4 8. Bxc4
Nc6 9. d5 Na5 10. Be2 Bf5 11. Nh4 Be4 12. Nxe4 Nxe4 13. Qa4 Nd6 14. Rb1 b5 15.
Bxb5 Rb8 16. b4 Rxb5 17. Bd2 Nac4 18. bxc5 Rxb1 19. Rxb1 Nxd2 20. Rd1 N6c4 21.
Qc6 Qc8 22. Qb5 Qg4 0-1

[Event "OpenB"]
[Site "Caen"]
[Date "2011.08.19"]
[Round "4.7"]
[White "Gautier, Joel"]
[Black "Rakotovao, Dimbiniaina"]
[Result "1-0"]
[WhiteElo "1930"]
[BlackElo "1836"]
[PlyCount "53"]

1. e4 c5 2. b4 cxb4 3. a3 bxa3 4. Bxa3 d6 5. Bc4 e6 6. Nf3 Be7 7. O-O Nf6 8.
Nc3 O-O 9. d4 Nxe4 10. Nxe4 d5 11. Bxe7 Qxe7 12. Bd3 dxe4 13. Bxe4 Nd7 14. Ne5
Rd8 15. Re1 Nxe5 16. Bxh7+ Kxh7 17. Rxe5 Qf6 18. Qg4 b6 19. Qe4+ g6 20. Qxa8
Rxd4 21. Ree1 Rd2 22. Rf1 Bd7 23. Ra3 e5 24. Rf3 Bf5 25. g4 Rd8 26. Qxa7 Rd7
27. Qxd7 1-0

[Event "OpenB"]
[Site "Caen"]
[Date "2011.08.19"]
[Round "4.8"]
[White "Froment, Theophile"]
[Black "Velasquez, Jean-Luc"]
[Result "1-0"]
[WhiteElo "1859"]
[BlackElo "1905"]
[PlyCount "89"]

1. e4 d5 2. exd5 Nf6 3. d4 Bg4 4. Be2 Bxe2 5. Qxe2 Qxd5 6. Nf3 e6 7. a3 Bd6 8.
Nc3 Qh5 9. Bg5 O-O 10. Bxf6 gxf6 11. Ne4 Nd7 12. O-O-O Kh8 13. h3 f5 14. g4 Qg6
15. Nc3 Rg8 16. Rdg1 a6 17. g5 Qg7 18. h4 Qf8 19. h5 b5 20. g6 Bf4+ 21. Kb1 h6
22. Rh4 Bg5 23. Nxg5 hxg5 24. Rxg5 Re8 25. Rh1 f6 26. Rgg1 Qh6 27. Qf3 Nb6 28.
Qc6 Re7 29. d5 Nc4 30. Qxa6 Nd2+ 31. Ka2 b4 32. Nb1 Nf3 33. Rg2 bxa3 34. Nxa3
Qf4 35. dxe6 Qe4 36. Qc4 Qb7 37. Qc5 Rb8 38. b3 Rxe6 39. Qxf5 Nd4 40. g7+ Kg8
41. Qh3 Ra6 42. h6 Rxa3+ 43. Kxa3 Qa6+ 44. Kb2 Rxb3+ 45. Qxb3+ 1-0

[Event "OpenB"]
[Site "Caen"]
[Date "2011.08.19"]
[Round "4.9"]
[White "Lenoel, Marine"]
[Black "Collette, Gilles"]
[Result "1/2-1/2"]
[WhiteElo "1819"]
[BlackElo "1895"]
[PlyCount "112"]

1. e4 e5 2. Nf3 Nc6 3. Bc4 Bc5 4. d3 Nf6 5. Nc3 d6 6. Bg5 h6 7. Bh4 g5 8. Bg3
Bg4 9. h3 Bh5 10. h4 Nd4 11. hxg5 Nxf3+ 12. gxf3 hxg5 13. Qe2 Qe7 14. O-O-O
O-O-O 15. Na4 Nd7 16. Nxc5 Nxc5 17. Qe3 Kb8 18. d4 Nd7 19. dxe5 dxe5 20. Bb5 c6
21. Be2 f6 22. Qd2 Kc8 23. Qd6 Qxd6 24. Rxd6 Bf7 25. Rhd1 Bh5 26. b3 Rhf8 27.
c3 Nc5 28. Rxd8+ Rxd8 29. Rh1 Bf7 30. Rh7 Be6 31. Rh6 Nd7 32. Kc2 b5 33. c4 a6
34. Kc3 Kb7 35. Bh2 Rf8 36. Rh7 Rf7 37. Rh8 Rf8 38. Rh7 Rf7 39. Rh8 Nf8 40. Bg3
Bd7 41. Kb4 Ne6 42. a4 c5+ 43. Ka3 Nd4 44. Bd1 bxc4 45. bxc4 Be6 46. Bb3 Nxf3
47. Rh6 Nd2 48. Kb2 Bg4 49. Bc2 Nxc4+ 50. Kc3 Na5 51. Bb1 Bd1 52. Ba2 Rf8 53.
Bd5+ Ka7 54. Rh7+ Kb8 55. f3 Bxa4 56. Bf2 Rc8 1/2-1/2

[Event "OpenB"]
[Site "Caen"]
[Date "2011.08.19"]
[Round "4.10"]
[White "Mohnblatt, Daniel"]
[Black "Nicolazo, Maxime"]
[Result "1/2-1/2"]
[WhiteElo "1893"]
[BlackElo "1758"]
[PlyCount "65"]

1. d4 f5 2. c4 Nf6 3. Nc3 g6 4. f3 Bg7 5. e4 d6 6. Bd3 e6 7. Bg5 h6 8. Bh4 g5
9. Bf2 Nc6 10. Nge2 Qe7 11. a3 Bd7 12. Qc2 f4 13. O-O-O a6 14. g3 fxg3 15. hxg3
e5 16. d5 Nd8 17. g4 Nf7 18. Ng3 Kf8 19. Nf5 Bxf5 20. exf5 Re8 21. Ne4 Kg8 22.
Be3 Nxe4 23. Bxe4 Bf6 24. Kb1 Kg7 25. Rc1 b6 26. Qh2 Reg8 27. Qf2 Rb8 28. Rhe1
Qd7 29. Qc2 Rhc8 30. Bf2 Re8 31. Re3 Rb7 32. Rc3 Reb8 33. Be3 1/2-1/2

[Event "OpenB"]
[Site "Caen"]
[Date "2011.08.20"]
[Round "5.1"]
[White "Bombail, Leonard"]
[Black "Veys, Vincent"]
[Result "1-0"]
[WhiteElo "1728"]
[BlackElo "1859"]
[PlyCount "113"]

1. b3 e5 2. Bb2 Nc6 3. e3 d6 4. Bb5 Bd7 5. c4 a6 6. Bxc6 Bxc6 7. Nf3 Nf6 8. O-O
Be7 9. d4 exd4 10. Nxd4 Bd7 11. Nc3 O-O 12. Qf3 Qc8 13. e4 Bg4 14. Qg3 Re8 15.
h3 Bd7 16. Rfe1 Bf8 17. Nd5 Nxd5 18. exd5 g6 19. Ne2 Bg7 20. Bxg7 Kxg7 21. Nf4
Rxe1+ 22. Rxe1 Qd8 23. Qe3 Qf6 24. Qe7 Rd8 25. Ne6+ Bxe6 26. Rxe6 Qxe7 27. Rxe7
Rc8 28. b4 Kf8 29. Re3 c6 30. dxc6 Rxc6 31. Re4 Rb6 32. a3 Rc6 33. Kf1 h5 34.
Ke2 Rc7 35. Kd3 Rc6 36. Kd4 f5 37. Re3 b5 38. c5 dxc5+ 39. bxc5 Kf7 40. Kd5 Rc8
41. Kd6 Rd8+ 42. Kc7 Rd2 43. c6 Rxf2 44. g3 a5 45. Kb7 b4 46. axb4 axb4 47. c7
Rc2 48. c8=Q Rxc8 49. Kxc8 Kf6 50. Rb3 h4 51. gxh4 f4 52. Kd7 Ke5 53. Ke7 Ke4
54. Kf6 f3 55. Rxb4+ Ke3 56. Rb3+ Kf4 57. Rxf3+ 1-0

[Event "OpenB"]
[Site "Caen"]
[Date "2011.08.20"]
[Round "5.2"]
[White "Houlgate, Anthony"]
[Black "Scamps, Guillaume"]
[Result "1/2-1/2"]
[WhiteElo "1969"]
[BlackElo "1858"]
[PlyCount "88"]

1. e4 c5 2. Nf3 Nc6 3. Bb5 g6 4. Bxc6 dxc6 5. O-O Nf6 6. d3 Bg7 7. Nc3 O-O 8.
h3 Ne8 9. Be3 b6 10. a4 Nc7 11. Qc1 Ne6 12. Bh6 Nd4 13. Nxd4 cxd4 14. Bxg7 Kxg7
15. Ne2 Bb7 16. Qg5 f6 17. Qg3 c5 18. h4 Qd6 19. f4 e6 20. h5 f5 21. e5 Qe7 22.
hxg6 hxg6 23. Kf2 Rh8 24. Rh1 Bc6 25. b3 Rag8 26. Rag1 Kf7 27. Rh3 Rxh3 28.
gxh3 Qf8 29. Qh4 Qg7 30. Qg5 Bd5 31. Rg3 Rh8 32. Ng1 Rg8 33. Nf3 Bxf3 34. Kxf3
Ke8 35. h4 Qh7 36. h5 Qb7+ 37. Kf2 Qe7 38. hxg6 Qxg5 39. Rxg5 Rh8 40. g7 Rg8
41. Kg3 Kf7 42. Kh4 Rxg7 43. Rxg7+ Kxg7 44. Kg5 a6 1/2-1/2

[Event "OpenB"]
[Site "Caen"]
[Date "2011.08.20"]
[Round "5.3"]
[White "Doucet, Antoine"]
[Black "Gautier, Joel"]
[Result "1-0"]
[WhiteElo "1840"]
[BlackElo "1930"]
[PlyCount "95"]

1. d4 d5 2. c4 c6 3. Nc3 Nf6 4. Nf3 a6 5. cxd5 cxd5 6. Bf4 Nc6 7. e3 Bf5 8. Be2
Rc8 9. O-O e6 10. Qb3 b5 11. Rfc1 Be7 12. Nxb5 O-O 13. Nc3 Na5 14. Qa4 Qb6 15.
Ne5 Qxb2 16. Qxa5 Bb4 17. Qxa6 Rxc3 18. Rf1 Rc2 19. Rfb1 Qc3 20. Bd3 Bxd3 21.
Qxd3 Ne4 22. Qxc3 Bxc3 23. Rc1 Rxf2 24. Rxc3 Rxf4 25. Rc2 Rf5 26. a4 h5 27. a5
f6 28. Nd7 Ra8 29. a6 Ra7 30. Nb6 Nd6 31. Nc8 Nxc8 32. Rxc8+ Kh7 33. Rb8 e5 34.
Rb7 Ra8 35. a7 exd4 36. exd4 Rf4 37. Rb8 Rxa7 38. Rxa7 Rxd4 39. Rd8 Rd1+ 40.
Kf2 h4 41. h3 Kh6 42. Rh8+ Kg6 43. Rxh4 Rd2+ 44. Kf3 f5 45. Rb4 Kf6 46. Rb6+
Ke5 47. Ke3 Rxg2 48. Re7# 1-0

[Event "OpenB"]
[Site "Caen"]
[Date "2011.08.21"]
[Round "5.4"]
[White "Hallay, Axel"]
[Black "Froment, Theophile"]
[Result "1-0"]
[WhiteElo "1927"]
[BlackElo "1859"]
[PlyCount "77"]

1. d4 Nf6 2. c4 g6 3. Nc3 Bg7 4. e4 d6 5. Be2 O-O 6. Nf3 e5 7. d5 a5 8. Bg5 h6
9. Bh4 g5 10. Bg3 Nh5 11. Nd2 Nxg3 12. hxg3 Na6 13. g4 Nc5 14. b3 Qe7 15. f3
Bd7 16. Nf1 b6 17. Ng3 Rad8 18. Qc2 Rfe8 19. Nd1 Bc8 20. Ne3 Bd7 21. Nef5 Bxf5
22. Nxf5 Qf6 23. Kf2 Kh7 24. Rh3 Rh8 25. Rah1 Kg6 26. Ke3 Rh7 27. g3 Rdh8 28.
Bd1 Qd8 29. Qh2 f6 30. Bc2 Qf8 31. a3 Kf7 32. b4 axb4 33. axb4 Na6 34. Qd2 Nb8
35. Bb3 Nd7 36. Rh5 Qa8 37. Qc3 Kg6 38. Ba4 Qc8 39. Ne7+ 1-0

[Event "OpenB"]
[Site "Caen"]
[Date "2011.08.20"]
[Round "5.5"]
[White "Civit, Pierre"]
[Black "Flick, Antoine"]
[Result "1/2-1/2"]
[WhiteElo "1922"]
[BlackElo "1769"]
[PlyCount "88"]

1. c4 e6 2. Nc3 d5 3. d4 Nf6 4. Nf3 Nbd7 5. cxd5 exd5 6. Bf4 c6 7. e3 Be7 8.
Bd3 Nf8 9. h3 Ng6 10. Bh2 Qb6 11. Qc2 Bd7 12. O-O O-O 13. a3 Rac8 14. b4 Qd8
15. Qb3 Be8 16. Rfc1 Nd7 17. Na4 b5 18. Nc3 Nb6 19. a4 a6 20. axb5 axb5 21. Ra6
Nh4 22. Nxh4 Bxh4 23. Qc2 Nc4 24. Bxh7+ Kh8 25. Bf5 Bd7 26. Bxd7 Qxd7 27. Rca1
Qe7 28. Qe2 g6 29. Qg4 Bxf2+ 30. Kh1 Qxe3 31. Ne2 Qe7 32. Ra7 Qe4 33. Nf4 Qf5
34. Qxf5 gxf5 35. Rd1 Be3 36. Nh5 Kh7 37. Re7 Bg5 38. Rd7 Ne3 39. Rd3 Rcd8 40.
Rc7 Rc8 41. h4 Bh6 42. Nf6+ Kg7 43. Rxc8 Rxc8 44. Be5 Kf8 1/2-1/2

[Event "OpenB"]
[Site "Caen"]
[Date "2011.08.20"]
[Round "5.6"]
[White "Sally, Paul-Adrien"]
[Black "N'Guyen, Emilien"]
[Result "1/2-1/2"]
[WhiteElo "1979"]
[BlackElo "1817"]
[PlyCount "97"]

1. e4 Nc6 2. Nf3 d6 3. d4 Nf6 4. Nc3 Bg4 5. Be2 e5 6. dxe5 dxe5 7. Bg5 Bb4 8.
Qxd8+ Rxd8 9. O-O Bxc3 10. bxc3 Rd6 11. Bd3 Nd7 12. Be3 b6 13. Bb5 Ke7 14. Rfd1
Ndb8 15. Kf1 Rhd8 16. Bd3 h6 17. Ke2 f6 18. h3 Bh5 19. Rd2 Na5 20. g4 Bf7 21.
Nh4 Be6 22. Nf5+ Bxf5 23. gxf5 c5 24. Ke1 Rg8 25. Be2 Rxd2 26. Kxd2 Rd8+ 27.
Kc1 Nbc6 28. Kb2 Re8 29. Rg1 Kf8 30. Ka3 Nd8 31. Ka4 Ndb7 32. Rd1 Ke7 33. f3
Nd6 34. Rg1 Rg8 35. Bxh6 Kf7 36. Bc1 Rh8 37. Bf1 Kf8 38. Be3 Ndc4 39. Bc1 a6
40. Bxc4 Nxc4 41. Rh1 Rh4 42. Kb3 Na5+ 43. Kb2 Kf7 44. a4 Nc4+ 45. Kb3 Na5+ 46.
Ka2 Nc4 47. Rh2 Ke7 48. Kb1 Kf7 49. Ka2 1/2-1/2

[Event "OpenB"]
[Site "Caen"]
[Date "2011.08.20"]
[Round "5.7"]
[White "Gey, Marc-Emile"]
[Black "Dufort, Mathieu"]
[Result "1/2-1/2"]
[WhiteElo "1847"]
[BlackElo "1949"]
[PlyCount "24"]

1. d4 Nf6 2. Nf3 g6 3. g3 Bg7 4. Bg2 O-O 5. O-O c6 6. c4 d5 7. Nc3 Ne4 8. cxd5
Nxc3 9. bxc3 Qxd5 10. Ba3 Re8 11. Ne5 Qe6 12. Nd3 Qc4 1/2-1/2

[Event "OpenB"]
[Site "Caen"]
[Date "2011.08.20"]
[Round "5.8"]
[White "Dubois, Pierre"]
[Black "Aubry, Fabien"]
[Result "1-0"]
[WhiteElo "1946"]
[BlackElo "1882"]
[PlyCount "117"]

1. e4 d6 2. d4 Nf6 3. Nc3 Nbd7 4. Nf3 e5 5. Bc4 Be7 6. O-O O-O 7. Re1 c6 8. a4
b6 9. d5 cxd5 10. Nxd5 Bb7 11. b3 Rc8 12. Re2 Nc5 13. Nxf6+ Bxf6 14. Bd5 Qd7
15. Ba3 Bxd5 16. Qxd5 Rfd8 17. Rd1 Ne6 18. Red2 Nd4 19. Nxd4 exd4 20. f4 h6 21.
Bxd6 Qxd6 22. Qxd6 Rxd6 23. e5 Bxe5 24. fxe5 Re6 25. Re2 f6 26. Rxd4 Rxe5 27.
Red2 Rec5 28. c4 Kf8 29. Rd7 R5c7 30. Kf2 Ke8 31. R7d6 Rc6 32. Re2+ Kf8 33. Rd7
R6c7 34. Ree7 Rxd7 35. Rxd7 a5 36. Ke3 Re8+ 37. Kd4 Re6 38. Kd5 Re3 39. Rb7
Rxb3 40. c5 Rb2 41. Rxb6 Rxg2 42. Ke6 Re2+ 43. Kd7 Re7+ 44. Kd6 Re2 45. c6 Rd2+
46. Kc7 Ke7 47. Kb7 Rc2 48. Rb1 Kd6 49. Rd1+ Ke6 50. c7 Rb2+ 51. Ka7 Rc2 52.
Kb6 Rb2+ 53. Kxa5 Rc2 54. Kb6 Rb2+ 55. Ka7 Rc2 56. Kb7 Rb2+ 57. Kc8 Ke7 58. Rd5
Ra2 59. Kb7 1-0

[Event "OpenB"]
[Site "Caen"]
[Date "2011.08.20"]
[Round "5.9"]
[White "Moullier, Igor"]
[Black "Portales, Fabien"]
[Result "1/2-1/2"]
[WhiteElo "1943"]
[BlackElo "1874"]
[PlyCount "60"]

1. e4 e6 2. d4 d5 3. Nd2 c6 4. Ngf3 Nd7 5. Bd3 Be7 6. O-O dxe4 7. Nxe4 Ngf6 8.
Ng3 c5 9. Re1 cxd4 10. Bc4 O-O 11. Nxd4 Nb6 12. Bb3 Bc5 13. c3 Bxd4 14. cxd4
Nbd5 15. Nf1 Bd7 16. Bg5 Qb6 17. Ne3 Bc6 18. Nc4 Qc7 19. Ne5 Rac8 20. Rc1 Qd6
21. Bc2 b5 22. a3 Bb7 23. Qd3 g6 24. Qxb5 Rc7 25. Qd3 Nh5 26. Nc4 Qa6 27. Ne3
Qb6 28. Nc4 Qa6 29. Ne3 Qb6 30. Nc4 Qa6 1/2-1/2

[Event "OpenB"]
[Site "Caen"]
[Date "2011.08.20"]
[Round "5.10"]
[White "Schlienger, Jean-Philippe"]
[Black "Le Pen, Steven"]
[Result "0-1"]
[WhiteElo "1914"]
[BlackElo "1856"]
[PlyCount "90"]

1. e4 c5 2. c3 Nf6 3. e5 Nd5 4. d4 cxd4 5. Nf3 Nc6 6. cxd4 d6 7. exd6 e6 8. Nc3
Qxd6 9. Bb5 Bd7 10. O-O Nf6 11. Re1 Be7 12. Bg5 O-O 13. a3 Rfd8 14. Qd2 Be8 15.
Bf4 Qd7 16. Rad1 a6 17. Ba4 b5 18. Bc2 Qa7 19. Qe2 b4 20. Ne4 bxa3 21. bxa3 Nd5
22. Bc1 Rac8 23. Qd3 g6 24. Bb1 Na5 25. Ne5 Ba4 26. Bd2 Nb3 27. Bc1 Nxc1 28.
Rxc1 Bb5 29. Qf3 Be8 30. Rcd1 Kg7 31. Qh3 h6 32. Qf3 f6 33. Nd3 Bf7 34. Nb4
Nxb4 35. axb4 Rxd4 36. Qg3 Bxb4 37. Rc1 Rdc4 38. Rxc4 Rxc4 39. Rd1 Qc7 40. Qe3
Bc5 41. Qe2 a5 42. Bd3 Rd4 43. Qc2 Bd6 44. Qb2 Bxh2+ 45. Kh1 Qe5 0-1

[Event "OpenB"]
[Site "Caen"]
[Date "2011.08.22"]
[Round "6.1"]
[White "Hallay, Axel"]
[Black "Bombail, Leonard"]
[Result "0-1"]
[WhiteElo "1927"]
[BlackElo "1728"]
[PlyCount "36"]

1. d4 Nf6 2. c4 g6 3. Nc3 Bg7 4. e4 d6 5. Be2 O-O 6. Nf3 e5 7. d5 Ne8 8. h3 f5
9. exf5 gxf5 10. g4 Qe7 11. Qc2 e4 12. Nh2 Na6 13. Bd2 Nb4 14. Qb3 Nd3+ 15.
Bxd3 exd3+ 16. Kd1 Qh4 17. Nf1 Qxf2 18. Kc1 Qg2 0-1

[Event "OpenB"]
[Site "Caen"]
[Date "2011.08.22"]
[Round "6.2"]
[White "Houlgate, Anthony"]
[Black "Doucet, Antoine"]
[Result "1-0"]
[WhiteElo "1969"]
[BlackElo "1840"]
[PlyCount "51"]

1. e4 c5 2. Nf3 Nc6 3. Bb5 Nf6 4. Bxc6 dxc6 5. d3 g6 6. O-O Bg7 7. Nc3 O-O 8.
h3 Qc7 9. Be3 b6 10. Qd2 e5 11. a4 a5 12. Ne2 c4 13. Qc3 cxd3 14. cxd3 Ba6 15.
Ng3 Rad8 16. Rfd1 Nd7 17. d4 Be2 18. Nxe2 exd4 19. Bxd4 Bxd4 20. Nexd4 Nc5 21.
Re1 Qf4 22. Nxc6 Rde8 23. e5 Nxa4 24. Qb3 Nc5 25. Qxb6 Ne4 26. Qe3 1-0

[Event "OpenB"]
[Site "Caen"]
[Date "2011.08.22"]
[Round "6.3"]
[White "Scamps, Guillaume"]
[Black "Dubois, Pierre"]
[Result "1/2-1/2"]
[WhiteElo "1858"]
[BlackElo "1946"]
[PlyCount "77"]

1. d4 d5 2. Nf3 Nf6 3. c4 c6 4. cxd5 cxd5 5. Nc3 Nc6 6. Bf4 Bf5 7. Qb3 Qb6 8.
Qxb6 axb6 9. e3 e6 10. Bb5 Nd7 11. O-O Be7 12. Ne5 Ndxe5 13. Bxe5 f6 14. Bc7
Bd8 15. Bxd8 Kxd8 16. Rfc1 Bg6 17. Na4 Ra5 18. Bxc6 bxc6 19. b3 Kc7 20. Rc3 Kb7
21. Rac1 Rc8 22. f3 e5 23. dxe5 fxe5 24. f4 exf4 25. exf4 c5 26. Re3 Rc7 27.
Re6 Ra6 28. g4 d4 29. f5 Bf7 30. Rd6 Be8 31. g5 Bxa4 32. bxa4 Rxa4 33. f6 Rxa2
34. Re6 Ra8 35. Rb1 Ra6 36. Rf1 Ra8 37. Rb1 Ra6 38. Rf1 Ra8 39. Rb1 1/2-1/2

[Event "OpenB"]
[Site "Caen"]
[Date "2011.08.22"]
[Round "6.5"]
[White "N'Guyen, Emilien"]
[Black "Collette, Gilles"]
[Result "1/2-1/2"]
[WhiteElo "1817"]
[BlackElo "1895"]
[PlyCount "97"]

1. d4 Nf6 2. Nf3 e6 3. g3 Nc6 4. Bg2 d6 5. O-O g6 6. Nc3 Bg7 7. e4 O-O 8. Bg5
h6 9. Bd2 e5 10. d5 Ne7 11. Qc1 Kh7 12. Ne1 Nfg8 13. Ne2 f5 14. c4 fxe4 15. Nc3
Nf5 16. Nxe4 Nd4 17. Qd1 Nf6 18. Nxf6+ Qxf6 19. h3 Bd7 20. Bc3 Rae8 21. Kh2 Nf5
22. Nf3 Qf7 23. g4 Nd4 24. Nxd4 exd4 25. Bd2 b5 26. b3 d3 27. Rc1 Re2 28. Be3
Rxa2 29. Qxd3 b4 30. Rc2 Rxc2 31. Qxc2 a5 32. Be4 Ra8 33. f4 Qf6 34. f5 g5 35.
Rd1 Qe5+ 36. Kg1 Re8 37. Rd4 Bf6 38. Kg2 Qe7 39. Kf3 Bxd4 40. Bxd4 Kg8 41. f6
Rf8 42. Kg3 Rxf6 43. Bxf6 Qxf6 44. Bf3 Kg7 45. Be4 Be8 46. Qa2 Qd4 47. Bf5 a4
48. bxa4 Qc5 49. a5 1/2-1/2

[Event "OpenB"]
[Site "Caen"]
[Date "2011.08.22"]
[Round "6.6"]
[White "Lycaon, Xavier"]
[Black "Lenoel, Marine"]
[Result "0-1"]
[WhiteElo "1889"]
[BlackElo "1819"]
[PlyCount "92"]

1. e4 e5 2. Nf3 Nc6 3. Bb5 Bc5 4. c3 d6 5. O-O Bd7 6. d4 exd4 7. cxd4 Bb6 8.
Nc3 Nge7 9. Bg5 f6 10. Be3 O-O 11. h3 Ng6 12. Re1 h6 13. a4 a6 14. Bd3 f5 15.
exf5 Bxf5 16. Nd5 Ba5 17. b4 Bb6 18. Nxb6 cxb6 19. Qc2 Nge7 20. Bxf5 Nxf5 21.
Qb3+ d5 22. Rad1 Qd6 23. b5 Na5 24. Qd3 Nc4 25. Bc1 axb5 26. axb5 Qd7 27. Ne5
Qxb5 28. Ng6 Rf6 29. Ne7+ Nxe7 30. Rxe7 Qc6 31. Rde1 Raf8 32. f3 b5 33. Kh1 b4
34. Qb3 Qb5 35. Rc7 R6f7 36. Ree7 Rxe7 37. Rxe7 Rf7 38. Re6 Na5 39. Qe3 b3 40.
Re8+ Kh7 41. Qe6 Qd7 42. Qe2 Nc4 43. Qd3+ g6 44. Re2 Qa4 45. Bb2 Qa2 46. Bc3 b2
0-1

[Event "OpenB"]
[Site "Caen"]
[Date "2011.08.22"]
[Round "6.7"]
[White "Flick, Antoine"]
[Black "Veys, Vincent"]
[Result "1/2-1/2"]
[WhiteElo "1769"]
[BlackElo "1859"]
[PlyCount "49"]

1. c4 e5 2. Nc3 Nf6 3. g3 Nc6 4. Nf3 Bc5 5. Bg2 d6 6. d3 h6 7. a3 a5 8. Bd2 O-O
9. O-O Nh7 10. Na4 Ba7 11. b4 axb4 12. axb4 Bd7 13. b5 Nd4 14. Nxd4 Bxd4 15.
Nc3 Rxa1 16. Qxa1 Qc8 17. Qa5 Bb6 18. Qb4 Bh3 19. Nd5 Qd7 20. Nxb6 cxb6 21. Be3
Bxg2 22. Kxg2 Qc7 23. Qa4 f5 24. Qa2 Kh8 25. f4 1/2-1/2

[Event "OpenB"]
[Site "Caen"]
[Date "2011.08.22"]
[Round "6.8"]
[White "Elice, Florent"]
[Black "Bouvier, Clement"]
[Result "1-0"]
[WhiteElo "1991"]
[BlackElo "1801"]
[PlyCount "55"]

1. e4 c5 2. Nc3 e6 3. g3 Nc6 4. Nge2 Nd4 5. Bg2 e5 6. Nd5 Nf6 7. c3 Nxe2 8.
Qxe2 Nxd5 9. exd5 Qe7 10. O-O g6 11. Re1 d6 12. d4 cxd4 13. cxd4 Bg7 14. dxe5
dxe5 15. Bf4 f6 16. Be3 O-O 17. Rac1 Rd8 18. Bc5 Qf7 19. Red1 Bf8 20. Bxf8 Kxf8
21. d6 Be6 22. Rc7 Rd7 23. Rdc1 Rad8 24. Bxb7 Bxa2 25. Qe3 a5 26. Bc8 Rxc7 27.
Rxc7 Qg8 28. Qh6+ 1-0

[Event "OpenB"]
[Site "Caen"]
[Date "2011.08.22"]
[Round "6.9"]
[White "Constantin, Francois"]
[Black "Sally, Paul-Adrien"]
[Result "0-1"]
[WhiteElo "1897"]
[BlackElo "1979"]
[PlyCount "126"]

1. c4 Nf6 2. Nc3 g6 3. g3 Bg7 4. Bg2 O-O 5. e4 d6 6. Nge2 c5 7. O-O Nc6 8. d3
Rb8 9. h3 a6 10. a4 Re8 11. Be3 Nd7 12. f4 Nd4 13. Bf2 Nf8 14. Nxd4 cxd4 15.
Ne2 e5 16. fxe5 dxe5 17. b4 a5 18. Be1 axb4 19. Bxb4 Ne6 20. Qc2 Bd7 21. Rfb1
Ra8 22. Kh2 Qc7 23. a5 Ra6 24. Nc1 Bf8 25. Bd2 Rea8 26. Rb6 R6a7 27. Rbb1 Bc6
28. Nb3 Qd7 29. Be1 Bd6 30. Bd2 Bc7 31. Bb4 Kg7 32. Qd2 Bd6 33. Bxd6 Qxd6 34.
h4 Nc5 35. Nc1 Qc7 36. Rb6 Na4 37. Qb4 Rxa5 38. Nb3 Qxb6 39. Qxb6 Nxb6 40. Rxa5
Rxa5 41. Nxa5 Na4 42. Nb3 Nc3 43. Bh3 Ba4 44. Nc1 Bc2 45. Kg1 Nxe4 46. dxe4 d3
47. Bg4 d2 48. Na2 d1=Q+ 49. Bxd1 Bxd1 50. Nc3 Bb3 51. c5 f5 52. Kf2 Bc2 53.
exf5 gxf5 54. Kf3 h5 55. Ke3 Kf7 56. Nd5 Be4 57. Nb4 Ke6 58. Ke2 f4 59. Kf2 Kf5
60. Na2 Kg4 61. gxf4 exf4 62. Nc3 Bc6 63. Ne2 f3 0-1

[Event "OpenB"]
[Site "Caen"]
[Date "2011.08.22"]
[Round "6.10"]
[White "Froment, Theophile"]
[Black "Renaux, Osmin"]
[Result "1/2-1/2"]
[WhiteElo "1859"]
[BlackElo "1964"]
[PlyCount "126"]

1. e4 e5 2. Nf3 Nc6 3. Bb5 a6 4. Ba4 Nf6 5. Qe2 b5 6. Bb3 Be7 7. c3 O-O 8. d3
d6 9. Nbd2 Na5 10. Bc2 c5 11. Nf1 Re8 12. Ng3 g6 13. O-O Bf8 14. Rd1 Qc7 15.
Bg5 Bg7 16. Qd2 Bg4 17. Bh6 Qd7 18. Bxg7 Kxg7 19. Qe3 Bxf3 20. Qxf3 Qg4 21. Qe3
Rac8 22. h3 Qh4 23. a4 b4 24. Rf1 Nc6 25. f4 Qh6 26. Rf3 bxc3 27. bxc3 Rb8 28.
Raf1 Nd7 29. Qf2 Rf8 30. f5 f6 31. Bb1 Rb6 32. fxg6 hxg6 33. Qa2 Nd8 34. Qd5 a5
35. Ba2 Qd2 36. Qc4 Rb2 37. R1f2 Qe1+ 38. Rf1 Qd2 39. R1f2 Qe1+ 40. Nf1 Nb6 41.
Qa6 Qxc3 42. Qa7+ Nf7 43. Rxf6 Rxf2 44. Rxf2 Qd4 45. Qe7 c4 46. Qf6+ Kh7 47.
Kh2 Qxd3 48. Qe7 Kg7 49. Qc7 Qd4 50. Rd2 Qc5 51. Qe7 Nxa4 52. Rd5 Qf2 53. Bxc4
Nc3 54. Rxd6 Qf4+ 55. Kh1 Nxe4 56. Rxg6+ Kxg6 57. Qxf8 Nf2+ 58. Kg1 Nxh3+ 59.
gxh3 Qxc4 60. Ng3 Qc1+ 61. Kg2 Qd2+ 62. Kg1 Qc1+ 63. Kg2 Qd2+ 1/2-1/2